000 00476nam a22001937a 4500
003 koha_MIRAKIL
005 20231213100259.0
008 231213b |||||||| |||| 00| 0 ||| d
020 _b978-0-451-47496-4
040 _aTR-IsEVY
_btur
_cTR-IsEVY
082 _a420 FRE/S
100 _aFreedman, Deborah (Deborah Jane), 1960-
245 0 _aShy
260 _bViking,
_c2016
300 _a1 volume (unpaged)
650 _aBeing shy.
650 _aBirds
942 _2ddc
_cBK
999 _c17420
_d17420